000 01328nam0a2200385 4500
001 RU\NLR\b_ik\44399
005 20250616224345.0
010 _a1-85285-046-9
035 _a(NLR Aleph) 002119064
090 _a1975151
_c1975151
100 _a19950127d1991 |||y0rusy50 ca
101 0 _arus
102 _aRU
105 _aach |||||||||
200 1 _aChurch and chronicle in the Middle Ages
_eEssays presented to John Taylor
_fEd. by Ian Wood a. G.A. Loud
210 _aLondon; Rio Grande
_cHambledon press
_dcop. 1991
215 _aXXVI, 270 c., [4] л. ил., факс.
_cпортр.
_d24
300 _a"Bibliogr. of John Taylor": c. XXI-XXIII
320 _aБиблиогр. в подстроч. примеч
606 0 _aЦерковь
_xИстория
_xСредние века
_2nlr-sh1
686 0 _aЭ37-34
_2rubbk
702 1 _aTaylor
_bJohn
_f1925-
702 1 _aWood
_bIan
_4340
801 0 _aRU
_bNLR
_c19950127
_gPSBO
801 1 _aRU
_bNLR
_c20011022
852 _aNLR
_jМф К-3/21513
942 _cBOOK
980 _aNB